000 00895cam a22003017a 4500
003 CHAP
005 20220817043149.0
008 971013s1979 r 00010 d
010 _a67203
011 _a68175
035 _a77647
040 _cCHAP
090 _aFolleto 11787
100 0 0 _aBrewer, James E.
_915287
245 1 4 _aThe flowering Crabapple
_b: a tree for all seasons
260 _a[s.l.] :
_bCooperative Extensión Service of the Northeast States,
_c[1979]
300 _a38 p.
_b: ilus.
490 0 _aNE
_v; 223
590 _aBATCH-UPD
_b10
_c20130110
_lUCH01
_h0357
590 _aBATCH-UPD
_b10
_c20130110
_lUCH01
_h2042
590 _aCONVERSION
_b10
_c20130109
_lUCH01
_h1337
650 1 4 _aMalus.
_970212
650 1 4 _aPlantas ornamentales.
830 0 _aNE
_v; 223
_980649
901 _aBK
942 _cFOLL
949 _aFolleto 11787
_bBC
_cFOLL
_d-30518
_eTS1
_gI.c/e
_i77647
_si
999 _c67203
_d67203